Statistiques concernant Vrai ou Faux: Histoire de l'Asie #1

Cliquez ici pour prendre le quiz!

Statistiques générales

  • Ce quiz a été pris 586 fois
  • Le résultat moyen est 13 sur 20

Statistiques - réponses

QuestionRéponse% Correct
Mao Zedong était communiste.Vrai
95%
La Mésopotamie se situait dans ce qu'on appelait le Croissant Fertile, entre le Tigre et l'Euphrate.Vrai
92%
Taïwan fut toujours sous contrôle chinois.Faux
84%
Mahomet est né dans l'actuelle Arabie saoudite.Vrai
81%
Pékin a toujours été la capitale de la Chine, peu importe la dynastie qui gouvernait.Faux
80%
Edo était le nom de Tokyo.Vrai
78%
L'Empire Ottoman dura pendant plus de 500 ans.Vrai
78%
La formation de l'État israélien prit place avant la Guerre de Corée.Vrai
76%
L'Empire mongol s'empara de l'entièreté de l'Asie.Faux
69%
C'est Mehmet II qui s'empara de Constantinople.Vrai
67%
Le 27 août 1883, le Krakatoa entrait en éruption.Vrai
65%
L'actuelle Hanoï s'appelait autrefois Saïgon.Faux
59%
L'arrivée des européens en Malaisie s'est effectuée en 1511.Vrai
59%
L'Empire khmer fut défait par les vietnamiens.Faux
49%
La capitale de l'Empire Coréen était Pyongyang.Faux
48%
Le Pakistan fut fondé avant l'assassinat de Gandhi.Vrai
44%
La Période des Printemps et des Automnes est une période historique qui couvre l'unification de l'Inde.Faux
43%
Tōkaidō, Nakasendō, Kōshū Kaidō, Ōshū Kaidō et Nikkō Kaidō sont des sabres de samouraï célèbres.Faux
37%
Fernand de Magellan mourut en Indonésie.Faux
36%
L'annexion de la Corée par les japonais survint après la Première Guerre Mondiale.Faux
36%

Distribution des résultats

Percentile par nombre de réponses

% des personnes avec chaque résultat

Votre développement - résultats

Vous n’avez pas pris ce quiz